[Event "SVK-chT3A2 2223"]
[Site "Slovakia"]
[Date "2023.03.19"]
[Round "9.1"]
[White "Liptak, Tomas"]
[Black "Jablonicky, Frantisek"]
[Result "1/2-1/2"]
[WhiteElo "2206"]
[BlackElo "2021"]
[PlyCount "76"]
[EventDate "2022.10.16"]
[EventType "team-tourn"]
[EventRounds "9"]
[EventCountry "SVK"]
[SourceTitle "EXT 2024"]
[Source "ChessBase"]
[SourceDate "2023.10.10"]
[SourceVersion "1"]
[SourceVersionDate "2023.10.10"]
[SourceQuality "1"]
[WhiteTeam "Cifer II"]
[BlackTeam "Surovce"]
[WhiteTeamCountry "SVK"]
[BlackTeamCountry "SVK"]

1. e4 c5 2. Nf3 d6 3. d4 cxd4 4. Nxd4 Nf6 5. f3 e5 6. Nb3 d5 7. Bg5 Be6 8. exd5 Qxd5 9. Nc3 Bb4 10. Bd2 Bxc3 11. Bxc3 Qxd1+ 12. Rxd1 Nbd7 13. Bb4 Nd5 14. Bd2 Rc8 15. c3 b6 16. Kf2 Rc7 17. Bb5 f6 18. c4 Ne7 19. Bb4 Nc8 20. Rd2 Kf7 21. Rhd1 Nb8 22. Rc1 a6 23. Ba4 Rxc4 24. Rxc4 Bxc4 25. Nc1 a5 26. Ba3 b5 27. b3 Nb6 28. bxc4 bxa4 29. Rc2 Rc8 30. Bd6 Na6 31. c5 Nb4 32. Rc3 Ke6 33. a3 Na6 34. Nd3 Rc6 35. Nb2 Nc8 36. Rc4 Nxd6 37. cxd6 Kxd6 38. Ke3 Nc5 1/2-1/2

[Event "SVK-chT1W 2223"]
[Site "Slovakia"]
[Date "2023.01.14"]
[Round "7.7"]
[White "Jablonicky, Frantisek"]
[Black "Mikusik, Marian"]
[Result "1-0"]
[WhiteElo "2030"]
[BlackElo "1983"]
[PlyCount "63"]
[EventDate "2022.10.15"]
[EventType "team-tourn"]
[EventRounds "11"]
[EventCountry "SVK"]
[SourceTitle "EXT 2024"]
[Source "ChessBase"]
[SourceDate "2023.10.10"]
[SourceVersion "1"]
[SourceVersionDate "2023.10.10"]
[SourceQuality "1"]
[WhiteTeam "Trnava Sered"]
[BlackTeam "Povazska Bystrica"]
[WhiteTeamCountry "SVK"]
[BlackTeamCountry "SVK"]

1. Nf3 g6 2. d4 Bg7 3. c4 c5 4. e3 Nf6 5. Nc3 cxd4 6. Nxd4 Nc6 7. Be2 0-0 8. 0-0 d5 9. cxd5 Nxd5 10. Nxd5 Nxd4 11. Nxe7+ Qxe7 12. exd4 Rd8 13. Be3 Qb4 14. Qb3 Qxb3 15. axb3 Be6 16. Bf3 Bd5 17. Bxd5 Rxd5 18. Rfd1 a6 19. Rac1 Rb5 20. Rd3 Rd8 21. Kf1 f5 22. g3 g5 23. f4 gxf4 24. gxf4 Rd6 25. Rc2 Rdb6 26. Rcc3 Rd5 27. Rc8+ Kf7 28. Rc7+ Kf8 29. Bf2 Rdb5 30. Rg3 Bf6 31. d5 Rxb3 32. Bc5+ 1-0

[Event "SVK-ch rapid"]
[Site "Podbanske"]
[Date "2022.09.10"]
[Round "2"]
[White "Jablonicky, Martin"]
[Black "Jablonicky, Frantisek"]
[Result "1-0"]
[WhiteElo "2277"]
[BlackElo "1908"]
[PlyCount "37"]
[EventDate "2022.09.10"]
[EventType "swiss (rapid)"]
[EventRounds "9"]
[EventCountry "SVK"]
[SourceTitle "CBM 210 Extra"]
[Source "ChessBase"]
[SourceDate "2022.11.30"]
[SourceVersion "1"]
[SourceVersionDate "2022.11.30"]
[SourceQuality "1"]

1. e4 c6 2. d4 d5 3. e5 Bf5 4. Nf3 e6 5. Be2 c5 6. 0-0 Nc6 7. Be3 Qb6 8. Nc3 c4 9. b3 cxb3 10. axb3 a6 11. Nh4 Nge7 12. Na4 Qa7 13. c4 Be4 14. Nc5 Nf5 15. Nxe4 dxc4 16. Nxf5 exf5 17. d5 Qb8 18. dxc6 fxe4 19. Qd7# 1-0

[Event "Piestany Slovakia op-B"]
[Site "Piestany"]
[Date "2022.07.13"]
[Round "4"]
[White "Fizer, Marek"]
[Black "Jablonicky, Frantisek"]
[Result "0-1"]
[WhiteElo "1967"]
[BlackElo "2029"]
[PlyCount "76"]
[EventDate "2022.07.11"]
[EventType "swiss"]
[EventRounds "9"]
[EventCountry "SVK"]
[SourceTitle "CBM 209 Extra"]
[Source "ChessBase"]
[SourceDate "2022.09.30"]
[SourceVersion "1"]
[SourceVersionDate "2022.09.30"]
[SourceQuality "1"]

1. e4 c5 2. Nf3 d6 3. d4 cxd4 4. Nxd4 Nf6 5. Nc3 a6 6. Bg5 Nbd7 7. Qe2 Qc7 8. f4 e5 9. Nf3 h6 10. Bxf6 Nxf6 11. f5 b5 12. a3 Bb7 13. 0-0-0 0-0-0 14. Nd5 Nxd5 15. exd5 Be7 16. g4 Kb8 17. Bg2 Rc8 18. Kb1 Qc4 19. Ng1 a5 20. h3 b4 21. Qxc4 Rxc4 22. axb4 axb4 23. Ne2 h5 24. Rd3 hxg4 25. b3 Rc5 26. hxg4 Rhc8 27. c3 bxc3 28. Kc2 Ba6 29. Re3 Ra5 30. Nc1 e4 31. Rxc3 Rxc3+ 32. Kxc3 e3 33. b4 Bf6+ 34. Kc2 Ra4 35. Rh8+ Kb7 36. Re8 Rxb4 37. Nd3 Rc4+ 38. Kd1 Rd4 0-1

[Event "SVK-chT2A 2122"]
[Site "Slovakia"]
[Date "2021.11.14"]
[Round "4.7"]
[White "Jablonicky, Frantisek"]
[Black "Janov, Marian"]
[Result "1/2-1/2"]
[WhiteElo "2052"]
[BlackElo "1891"]
[PlyCount "79"]
[EventDate "2021.10.16"]
[EventType "team-tourn"]
[EventRounds "11"]
[EventCountry "SVK"]
[SourceTitle "EXT 2023"]
[Source "ChessBase"]
[SourceDate "2022.10.05"]
[SourceVersion "1"]
[SourceVersionDate "2022.10.05"]
[SourceQuality "1"]
[WhiteTeam "Trnava Sered"]
[BlackTeam "Bratislava Slovan IV"]
[WhiteTeamCountry "SVK"]
[BlackTeamCountry "SVK"]

1. Nf3 c5 2. c4 Nf6 3. d4 cxd4 4. Nxd4 e6 5. Nc3 d5 6. Bg5 Be7 7. e3 0-0 8. Be2 dxc4 9. Bxc4 Qc7 10. Qe2 Nc6 11. Nxc6 Qxc6 12. 0-0 b6 13. Bb5 Qc5 14. Bxf6 Bxf6 15. Ne4 Qe7 16. Rfc1 Bb7 17. Nxf6+ gxf6 18. Rc4 Rac8 19. Rac1 Rxc4 20. Rxc4 f5 21. Qc2 Qg5 22. f4 Qd8 23. Rd4 Bd5 24. Bc4 Qc7 25. Qb3 Be4 26. Qd1 Rc8 27. b3 Qc6 28. Qh5 b5 29. Bf1 Bd5 30. Qg5+ Kf8 31. h4 Qc3 32. Rd3 Qg7 33. Qxg7+ Kxg7 34. Rd2 a6 35. Kf2 Kf6 36. Be2 Ke7 37. b4 Rc3 38. Bf3 Bc4 39. Bc6 Ra3 40. e4 1/2-1/2

[Event "SVK Club Cup"]
[Site "Kremnica"]
[Date "2021.09.18"]
[Round "5.1"]
[White "Haring, Filip"]
[Black "Jablonicky, Frantisek"]
[Result "1-0"]
[WhiteElo "2375"]
[BlackElo "2037"]
[PlyCount "81"]
[EventDate "2021.09.15"]
[EventType "team-tourn"]
[EventRounds "7"]
[EventCountry "SVK"]
[SourceTitle "CBM 204 Extra"]
[Source "ChessBase"]
[SourceDate "2021.11.30"]
[SourceVersion "1"]
[SourceVersionDate "2021.11.30"]
[SourceQuality "1"]
[WhiteTeam "Liptov Chess School"]
[BlackTeam "Modra III"]
[WhiteTeamCountry "SVK"]
[BlackTeamCountry "SVK"]

1. e4 c5 2. Nf3 d6 3. d4 cxd4 4. Nxd4 Nf6 5. Nc3 a6 6. Be3 e5 7. Nb3 Be6 8. h3 d5 9. exd5 Nxd5 10. Nxd5 Qxd5 11. Qxd5 Bxd5 12. 0-0-0 Bxb3 13. axb3 Nc6 14. c3 Be7 15. Be2 Rd8 16. Bb6 Rxd1+ 17. Rxd1 g6 18. b4 f5 19. Rd5 Rf8 20. Bc7 Bg5+ 21. Kd1 Rf7 22. Bxe5 Nxe5 23. Rxe5+ Re7 24. Rxe7+ Kxe7 25. Kc2 Bf6 26. Kb3 Kd6 27. Bf3 Kc7 28. Bd5 h6 29. Kc4 f4 30. Be4 Bh4 31. f3 g5 32. Kd5 b5 33. Ke6 Kb6 34. Kf5 a5 35. bxa5+ Kxa5 36. Kg6 b4 37. cxb4+ Kxb4 38. Kxh6 Kb3 39. Kh5 Kxb2 40. g3 fxg3 41. f4 1-0

[Event "SVK Club Cup"]
[Site "Kremnica"]
[Date "2021.09.16"]
[Round "2.1"]
[White "Jablonicky, Frantisek"]
[Black "Bochnicka, Vladimir1111"]
[Result "0-1"]
[WhiteElo "2037"]
[BlackElo "2258"]
[PlyCount "86"]
[EventDate "2021.09.15"]
[EventType "team-tourn"]
[EventRounds "7"]
[EventCountry "SVK"]
[SourceTitle "CBM 204 Extra"]
[Source "ChessBase"]
[SourceDate "2021.11.30"]
[SourceVersion "1"]
[SourceVersionDate "2021.11.30"]
[SourceQuality "1"]
[WhiteTeam "Modra III"]
[BlackTeam "Bratislava KSN"]
[WhiteTeamCountry "SVK"]
[BlackTeamCountry "SVK"]

1. Nf3 c5 2. c4 Nc6 3. g3 g6 4. Bg2 Bg7 5. 0-0 d6 6. Nc3 e5 7. d3 Nge7 8. Bd2 0-0 9. Qc1 Rb8 10. Bh6 a6 11. Bxg7 Kxg7 12. a4 Nd4 13. Qd1 Bd7 14. e3 Nxf3+ 15. Bxf3 b5 16. axb5 axb5 17. b3 Qb6 18. Qd2 h5 19. Rfb1 b4 20. Nd5 Nxd5 21. Bxd5 Bc6 22. Bxc6 Qxc6 23. d4 exd4 24. exd4 Qf3 25. Qe3 Qxe3 26. fxe3 Rfe8 27. Kf2 cxd4 28. exd4 Re4 29. d5 Rbe8 30. Rb2 h4 31. Ra6 h3 32. Raa2 Re1 33. Re2 R8xe2+ 34. Rxe2 Rb1 35. Ke3 Rxb3+ 36. Kd4 Rb1 37. Rd2 Rg1 38. c5 Rg2 39. Rd1 dxc5+ 40. Kxc5 b3 41. d6 Rc2+ 42. Kd5 b2 43. Rb1 Kf8 0-1

[Event "Piestany Slovakia op"]
[Site "Piestany"]
[Date "2021.07.17"]
[Round "8"]
[White "Pap, Gyula"]
[Black "Jablonicky, Frantisek"]
[Result "1/2-1/2"]
[WhiteElo "2535"]
[BlackElo "2026"]
[PlyCount "31"]
[EventDate "2021.07.10"]
[EventType "swiss"]
[EventRounds "9"]
[EventCountry "SVK"]
[SourceTitle "CBM 203 Extra"]
[Source "ChessBase"]
[SourceDate "2021.09.30"]
[SourceVersion "1"]
[SourceVersionDate "2021.09.30"]
[SourceQuality "1"]

1. e4 c5 2. Nf3 d6 3. d4 cxd4 4. Nxd4 Nf6 5. Nc3 a6 6. Bg5 Nbd7 7. Bc4 Qc7 8. Bb3 g6 9. f3 Bg7 10. Qd2 h6 11. Be3 b5 12. a4 b4 13. Nd5 Nxd5 14. Bxd5 Rb8 15. 0-0 Bb7 16. Bxb7 1/2-1/2

[Event "Piestany Slovakia op"]
[Site "Piestany"]
[Date "2021.07.15"]
[Round "6"]
[White "Bujna, Martin"]
[Black "Jablonicky, Frantisek"]
[Result "0-1"]
[WhiteElo "1846"]
[BlackElo "2026"]
[PlyCount "92"]
[EventDate "2021.07.10"]
[EventType "swiss"]
[EventRounds "9"]
[EventCountry "SVK"]
[SourceTitle "CBM 203 Extra"]
[Source "ChessBase"]
[SourceDate "2021.09.30"]
[SourceVersion "1"]
[SourceVersionDate "2021.09.30"]
[SourceQuality "1"]

1. d4 f5 2. Nf3 Nf6 3. c4 g6 4. g3 Bg7 5. Bg2 0-0 6. Nc3 d6 7. 0-0 Qe8 8. d5 Na6 9. Rb1 Bd7 10. b4 c6 11. dxc6 bxc6 12. a3 Nc7 13. Bb2 a5 14. Qc2 Qf7 15. Na4 Rfb8 16. Nd4 axb4 17. Nxc6 b3 18. Qd3 Bxc6 19. Bxc6 Ra6 20. Qf3 Ne4 21. Bxe4 fxe4 22. Qxf7+ Kxf7 23. Bxg7 Rxa4 24. Bb2 Rxc4 25. Rfc1 Rc2 26. a4 Na6 27. Kf1 Nc5 28. a5 Rb5 29. Bc3 Ke6 30. Ke1 Na4 31. Bd2 Rxc1+ 32. Rxc1 Kd5 33. Kd1 Nc5 34. Rb1 Kc6 35. Kc1 Na4 36. Kd1 Kb7 37. Ra1 Nc5 38. Be3 Ka6 39. Bd2 Nb7 40. Rb1 Nxa5 41. Bxa5 Kxa5 42. Kd2 Kb4 43. Rb2 Ka3 44. Kc1 e3 45. f3 Rc5+ 46. Kb1 Rd5 0-1

[Event "SVK-chT2A 1920"]
[Site "Slovakia"]
[Date "2020.02.16"]
[Round "9.4"]
[White "Vogl, Zdenek"]
[Black "Jablonicky, Frantisek"]
[Result "0-1"]
[WhiteElo "1837"]
[BlackElo "2022"]
[PlyCount "80"]
[EventDate "2019.10.26"]
[EventType "team-tourn"]
[EventRounds "11"]
[EventCountry "SVK"]
[SourceTitle "CBM 195 Extra"]
[Source "ChessBase"]
[SourceDate "2020.05.31"]
[SourceVersion "1"]
[SourceVersionDate "2020.05.31"]
[SourceQuality "1"]
[WhiteTeam "Skalica"]
[BlackTeam "Trnava Sered"]
[WhiteTeamCountry "SVK"]
[BlackTeamCountry "SVK"]

1. e4 c5 2. Nf3 d6 3. d4 cxd4 4. Nxd4 Nf6 5. Nc3 a6 6. f4 Qc7 7. Bd3 e6 8. Be3 Be7 9. 0-0 0-0 10. Qf3 Nbd7 11. Nb3 b5 12. Qg3 b4 13. Nb1 a5 14. N1d2 Kh8 15. Nf3 e5 16. fxe5 dxe5 17. Nbd2 Ba6 18. Rac1 Bc5 19. Bxc5 Qxc5+ 20. Kh1 Rfc8 21. Ng5 Kg8 22. Qh3 h6 23. Ngf3 Bxd3 24. Nb3 Qe3 25. cxd3 a4 26. Rfe1 Qxd3 27. Rcd1 Qb5 28. Nc1 Rc2 29. Nd3 Nc5 30. Ndxe5 Nfxe4 31. Qf5 f6 32. Nd4 Rf2 33. Nxb5 Rxf5 34. Ng4 Rg5 35. h3 h5 36. Nxf6+ gxf6 37. Kh2 Nf2 38. Rd6 Ncd3 39. Nc7 Nxe1 40. Kg1 Rc8 0-1

[Event "SVK-chT2A 1920"]
[Site "Slovakia"]
[Date "2020.02.15"]
[Round "8.5"]
[White "Manak, Jozef"]
[Black "Jablonicky, Frantisek"]
[Result "1/2-1/2"]
[WhiteElo "1969"]
[BlackElo "2022"]
[PlyCount "66"]
[EventDate "2019.10.26"]
[EventType "team-tourn"]
[EventRounds "11"]
[EventCountry "SVK"]
[SourceTitle "CBM 195 Extra"]
[Source "ChessBase"]
[SourceDate "2020.05.31"]
[SourceVersion "1"]
[SourceVersionDate "2020.05.31"]
[SourceQuality "1"]
[WhiteTeam "Piestany Kupele"]
[BlackTeam "Trnava Sered"]
[WhiteTeamCountry "SVK"]
[BlackTeamCountry "SVK"]

1. d4 f5 2. Bf4 Nf6 3. e3 g6 4. Nf3 Bg7 5. h3 0-0 6. Bd3 d6 7. Bh2 Qe8 8. Nbd2 Nc6 9. c3 e5 10. Bc4+ Kh8 11. 0-0 e4 12. Ne1 Be6 13. Be2 Qf7 14. c4 d5 15. b3 Rac8 16. Rc1 Ne7 17. Be5 c6 18. f4 exf3 19. Nexf3 h6 20. Qe1 g5 21. Qg3 Ng6 22. Bd6 Rfd8 23. Ne5 Qe8 24. c5 Kh7 25. b4 Nxe5 26. Bxe5 Qg6 27. a4 Rf8 28. b5 h5 29. h4 gxh4 30. Qxg6+ Kxg6 31. Nf3 Ng4 32. Nxh4+ Kh7 33. Bf4 Bh6 1/2-1/2

[Event "Skalica op"]
[Site "Skalica"]
[Date "2020.01.11"]
[Round "7"]
[White "Guba, Peter"]
[Black "Jablonicky, Frantisek"]
[Result "0-1"]
[WhiteElo "1575"]
[BlackElo "2017"]
[PlyCount "84"]
[EventDate "2020.01.11"]
[EventType "swiss"]
[EventRounds "9"]
[EventCountry "SVK"]
[SourceTitle "CBM 194 Extra"]
[Source "ChessBase"]
[SourceDate "2020.03.31"]
[SourceVersion "1"]
[SourceVersionDate "2020.03.31"]
[SourceQuality "1"]

1. c4 f5 2. g3 Nf6 3. Bg2 g6 4. Nf3 Bg7 5. 0-0 d6 6. Nc3 e5 7. d3 0-0 8. Bg5 h6 9. Bd2 Nc6 10. Qc1 Kh7 11. Nd5 Ne7 12. Nxe7 Qxe7 13. b4 g5 14. Rb1 Be6 15. b5 c5 16. bxc6 bxc6 17. Qa3 Qc7 18. Bxg5 Rfe8 19. Bxf6 Bxf6 20. Nd2 Rab8 21. Rb3 d5 22. cxd5 cxd5 23. Rc1 Qd7 24. Rbc3 Be7 25. Rb3 Bf6 26. Rbc3 Be7 27. Qa6 Rb6 28. Qa5 Bb4 29. Rc7 Bxa5 30. Rxd7+ Bxd7 31. Nb3 Bb4 32. Rc7 Rd6 33. Rxa7 Kg6 34. Bh3 Be6 35. Rb7 Bc3 36. Bg2 Rc8 37. h4 Ra8 38. Nc5 Bc8 39. Rc7 Bd4 40. h5+ Kxh5 41. Rg7 e4 42. Nb3 Bxg7 0-1

[Event "Skalica op"]
[Site "Skalica"]
[Date "2020.01.11"]
[Round "9"]
[White "Sahidi, Samir"]
[Black "Jablonicky, Frantisek"]
[Result "1-0"]
[WhiteElo "2396"]
[BlackElo "2017"]
[PlyCount "73"]
[EventDate "2020.01.11"]
[EventType "swiss"]
[EventRounds "9"]
[EventCountry "SVK"]
[SourceTitle "CBM 194 Extra"]
[Source "ChessBase"]
[SourceDate "2020.03.31"]
[SourceVersion "1"]
[SourceVersionDate "2020.03.31"]
[SourceQuality "1"]

1. d4 f5 2. Nf3 Nf6 3. g3 g6 4. Bg2 Bg7 5. 0-0 0-0 6. c4 d6 7. Nc3 Qe8 8. Re1 Nc6 9. d5 Na5 10. Qd3 c5 11. Bd2 Bd7 12. Rac1 b6 13. b3 a6 14. e4 fxe4 15. Nxe4 Bf5 16. Nfg5 Nb7 17. Ne6 Bxe6 18. Nxf6+ Rxf6 19. dxe6 Rb8 20. Bd5 Nd8 21. Kg2 Rc8 22. f4 Nc6 23. Re4 a5 24. Rf1 Nb4 25. Bxb4 axb4 26. g4 Qd8 27. Re3 Qc7 28. h4 Rcf8 29. Ref3 Qa7 30. R1f2 Rb8 31. h5 Qc7 32. hxg6 hxg6 33. Be4 b5 34. Bxg6 bxc4 35. bxc4 Kf8 36. g5 Rxe6 37. Qf5+ 1-0

[Event "SVK-chT2A 1920"]
[Site "Slovakia"]
[Date "2019.10.26"]
[Round "1.6"]
[White "Jablonicky, Frantisek"]
[Black "Mikulas, Dusan"]
[Result "1/2-1/2"]
[WhiteElo "2043"]
[BlackElo "1975"]
[PlyCount "36"]
[EventDate "2019.10.26"]
[EventType "team-tourn"]
[EventRounds "11"]
[EventCountry "SVK"]
[SourceTitle "CBM 193 Extra"]
[Source "ChessBase"]
[SourceDate "2020.01.31"]
[SourceVersion "1"]
[SourceVersionDate "2020.01.31"]
[SourceQuality "1"]
[WhiteTeam "Trnava Sered"]
[BlackTeam "Bratislava Slovan IV"]
[WhiteTeamCountry "SVK"]
[BlackTeamCountry "SVK"]

1. g3 e5 2. c4 Nc6 3. Bg2 g6 4. Nc3 d6 5. e3 f5 6. Nge2 Bg7 7. 0-0 Nf6 8. d4 e4 9. f3 exf3 10. Bxf3 0-0 11. Rb1 a5 12. a3 h6 13. b4 axb4 14. axb4 g5 15. b5 Ne7 16. e4 fxe4 17. Nxe4 Nxe4 18. Bxe4 Bf5 1/2-1/2